Hacia una nueva izquierda /
Entrevista realizada a Sergio E. Ardón, después del fracaso electoral de los partidos de izquierda costarricenses: Pueblo Unido y alianza Popular. En ella, Ardón señala sobre la posible formación de un nuevo grupo político, con ideas nuevas, que pretende romper lo que él denomina el aislamiento hist...
Enregistré dans:
| Auteur principal: | |
|---|---|
| Format: | Texte |
| Sujets: | |
| Tags: |
Ajouter un tag
Pas de tags, Soyez le premier à ajouter un tag!
|
MARC
| LEADER | 00000 a a2200000 04500 | ||
|---|---|---|---|
| 001 | 12144 | ||
| 003 | |||
| 040 | |||
| 100 | |a Ardón, Sergio Erick | ||
| 245 | |a Hacia una nueva izquierda / |c Sergio Erick Ardón | ||
| 520 | |a Entrevista realizada a Sergio E. Ardón, después del fracaso electoral de los partidos de izquierda costarricenses: Pueblo Unido y alianza Popular. En ella, Ardón señala sobre la posible formación de un nuevo grupo político, con ideas nuevas, que pretende romper lo que él denomina el aislamiento histórico de la izquierda. Además, apunta que la situación de la izquierda en el campo sindical es grave, y termina analizando algunos otros aspectos negativos de la izquierda en Costa Rica. GTA/mb | ||
| 650 | |a PARTIDOS POLITICOS | ||
| 650 | |a ASPECTOS POLITICOS | ||
| 650 | |a DESARROLLO POLITICO | ||
| 650 | |a CAMBIO SOCIAL | ||
| 650 | |a POLITICA SOCIAL | ||
| 650 | |a PARTICIPACION POLITICA | ||
| 650 | |a AFILIACION POLITICA | ||
| 650 | |a ELECCIONES | ||
| 650 | |a COMUNISTAS | ||
| 650 | |a SOCIALISTAS | ||
| 773 | |g número 41; páginas 35-39 | ||
| 999 | |c 30431 |d 30431 | ||
